Statistics for Most Spoken Languages in Former Countries

Click here to take the quiz!

General Stats

  • This quiz has been taken 543 times
  • The average score is 13 of 15

Answer Stats

CountryLanguage% Correct
Soviet UnionRussian
100%
Austria HungaryGerman
98%
Roman EmpireLatin
97%
Third ReichGerman
96%
YugoslaviaSerbo-Croatian
96%
Confederate States of AmericaEnglish
95%
Ottoman EmpireTurkish
94%
Belgian EmpireFrench
93%
Gran ColombiaSpanish
91%
Umayyad CaliphateArabic
88%
Byzantine EmpireGreek
84%
ManchukuoChinese
75%
Orange Free StatesDutch
72%
Inca EmpireQuechua
55%
Mughal EmpireUrdu
52%

Score Distribution

Percentile by Number Answered

Percent of People with Each Score

Your Score History

You have not taken this quiz